000 01121cam a2200349 i 4500
001 200458961
999 _c200458961
_d77173
003 TR-AnTOB
005 20240905090753.0
007 ta
008 231226s2022 tu 000 0 tur d
020 _a9786053759324
040 _aANKA
_beng
_erda
_cANKA
_dTR-AnTOB
041 1 _atur
_heng
050 0 0 _aPS3563.C337
_bR6319 2022
090 _aPS3563.C337
_bR6319 2022
100 1 _aMcCarthy, Cormac
_d1933-
_eauthor
_913105
240 1 0 _aThe road.
_lTurkish
245 1 0 _aYol /
_cCormac McCarthy ; çeviren: Sevin Okyay.
250 _a4. Baskı, Ekim 2022
264 1 _aİstanbul :
_bİthaki,
_c2022.
300 _a200 pages ;
_c24 cm
336 _atext
_btxt
_2rdacontent
337 _aunmediated
_bn
_2rdamedia
338 _avolume
_bnc
_2rdacarrier
490 0 _aİthaki yayınları ;
_v1476
_aİthaki Modern ;
_v10
650 7 _aBabalar ve oğullar
_vRoman
_2etuturkob
_940634
650 0 _aYolculuklar ve geziler
_vRoman
_947281
650 7 _aGerileme (Uygarlık)
_vRoman
_2etuturkob
_915763
700 1 _aOkyay, Sevin,
_d1942-
_etranslator
_984447
942 _2lcc
_cBK